Statystyki dla Biuro ,,The Office'' - Postacie po zdjęciach

Kliknij tutaj aby rozwiązać quiz!

Ogólne statystyki

  • Ten quiz został rozwiązany 96 razy
  • Średni wynik to 16 z 22

Statystyki odpowiedzi

Odpowiedź% Poprawnych
Jim Halpert
97%
Pam Beesly
97%
Dwight Schrute
96%
Michael Scott
95%
Kevin Malone
90%
Angela Martin
86%
Stanley Hudson
85%
Oscar Martinez
81%
Ryan Howard
79%
Toby Flenderson
77%
Creed Bratton
74%
Meredith Palmer
73%
Kelly Kapoor
68%
Roy Anderson
64%
Jan Levinson
63%
Holly Flax
58%
Andy Bernard
56%
Darryl Philbin
53%
Phyllis Vance
53%
Kelly Erin Hannon
52%
Todd Packer
52%
Karen Pilipelli
51%

Rozkład punktacji

Percentyl według liczby udzielonych odpowiedzi

Procent ludzi z każdym wynikiem

Twoja historia wyników

Nie rozwiązałeś tego quizu